1960 1611 1322 1498 1562 1417 1113 1256 1627 1952 1896 1679 1377 1888 2000 1195 1512 1148 1621 1129 1974 1657 1628 1281 1931 1619 1080 1505 1034 1061 1529 1995 1062 1876 1788 1867 1550 1849 1436 1431 1363 1192 1348 1901 1089 1418 1218 1660 1554 1965 1540 1103 1353 1268 1081 1157 1750 1889 1046 1482 1751 1755 1312 1249 1952 1208 1044 1582 1264 1187 1549 1791 1694 1398 1468 1877 1781 1186 1046 1960 1650 1489 1480 1091 1921 1090 1624 1769 1560 1058 1046 1245 1567 1920 1869 1611 1047 1211 1171 BCNSPRNW ULIB Ver.6.0+V

เปลี่ยนเป็นภาษาไทย

Change to English
 แสดงรายละเอียดบรรณานุกรม
  กลับหน้าหลัก

Brief Record : Get Marc (ISO 2709) : E-mail record : QR code < ปิดหน้าต่าง
LEADER : 00000nam 2200000uu 4500
001    13399111393
003     ULIB
008    110623s||||||||th 000 0 tha d
020    9786167025261
090    นว^bท473อ 2553
100 0  ทิพย์อักษร
245 10 อารัมบรา ปราการเร้นรัก /^cโดย ทิพย์อักษร
250    พิมพ์ครั้งที่ 1
260    กรุงเทพฯ :^bJe t aime,^c2553
300     191 หน้า
945    ^p99^l0^i030167
995     เกษร
999 ^a ใช้งานได้ทุกระบบ
รายการนี้ยังไม่มีแท็ก
คุณยังไม่ได้ล็อกอิน คุณสามารถมีกิจกรรมร่วมกับเว็บไซต์ได้ แต่ต้องล็อกอินก่อน ::
  ล็อกอิน

รายการสื่อสารสนเทศ

ลำดับที่ ประเภท เลขเรียก/บาร์โค้ด สถานที่ สถานะ
1. นวนิยาย
นวนิยาย
นว ท473อ 2553  
  Barcode: 030167
ห้องสมุดวิทยาเขตสวรรค์ประชารักษ์
►นวนิยาย
บนชั้น
  ขอยืม

BibComment


ยังไม่เคยถูกคอมเมนท์

คอมเมนท์ทรัพยากรรายการนี้
  คอมเมนท์: อารัมบรา ปราการเร..


 Copyright 2026. Bcnsprnw @Library